Visiting Hours- Ed Sheeran - Statistics

General Stats
  • This quiz has been taken 156 times
  • The average score is 178 of 257
Answer Stats
Answer % Correct
heaven
100%
I
100%
had
99%
hours
99%
visiting
99%
a
98%
that
98%
wish
98%
you
98%
and
95%
could
95%
so
95%
So
95%
me
94%
the
92%
The
92%
just
91%
her
90%
met
90%
who
89%
getting
86%
older
86%
news
85%
she's
85%
them
85%
all
84%
bring
84%
show
84%
up
84%
from
81%
learn
80%
things
80%
your
80%
got
78%
while
77%
by
76%
we
75%
my
73%
on
72%
would
72%
to
69%
you've
69%
changed
68%
has
68%
since
68%
stay
68%
will
68%
I'll
67%
little
67%
much
67%
What
67%
what
67%
do
66%
do?
66%
in
66%
wine
66%
away
65%
drink
65%
swing
65%
ask
64%
been
64%
but
61%
grow
61%
ones
61%
she'll
61%
Can
60%
right
59%
still
59%
how
58%
situation?
57%
advice
56%
favorite
56%
Cause
55%
see
55%
clue
53%
I'd
53%
put
53%
close
51%
world
51%
day
49%
even
48%
another
47%
haven't
47%
tell
45%
Soon
44%
we'll
44%
always
43%
what's
42%
going
41%
it
41%
say
40%
talk
40%
this
39%
know
38%
worries
38%
You'd
38%
home
36%
I'm
36%
if
35%
rights?
35%
take
35%
they're
35%
until
35%
disappear?
34%
love
34%
failure
33%
for
33%
out
33%
scared
32%
raised
31%
goodbye
28%
is
28%
not
28%
they'd
28%
again
27%
meet
27%
of
27%
remember
25%
turning
25%
best
24%
are
22%
create
22%
door
20%
till
20%
heart
19%
make
19%
way
19%
own
18%
taught
18%
answer's
17%
exactly
17%
life
17%
live
17%
open
17%
our
17%
everyone
14%
No matching quizzes found
Score Distribution
Percent of People with Each Score
Percentile by Number Answered
Your Score History
You have not taken this quiz